[Event "Southend Easter op 64th"]
[Site "Southend"]
[Date "2022.04.15"]
[Round "1"]
[White "Edipoglu, Berk"]
[Black "Staniland, Philip"]
[Result "1-0"]
[WhiteElo "1502"]
[BlackElo "1902"]
[PlyCount "85"]
[EventDate "2022.04.15"]
[EventType "swiss"]
[EventRounds "7"]
[EventCountry "ENG"]
[SourceTitle "CBM 207 Extra"]
[Source "ChessBase"]
[SourceDate "2022.05.31"]
[SourceVersion "1"]
[SourceVersionDate "2022.05.31"]
[SourceQuality "1"]

1. e4 Nc6 2. Nc3 e5 3. Bc4 Nf6 4. d3 Bc5 5. Na4 Be7 6. f4 a6 7. Bb3 b5 8. Nc3 d6 9. f5 Nd4 10. Nf3 Nxb3 11. axb3 Bb7 12. 0-0 0-0 13. Qe1 Kh8 14. Be3 b4 15. Ne2 d5 16. Rd1 Qe8 17. Ng3 dxe4 18. dxe4 Bxe4 19. Nxe4 Nxe4 20. Nxe5 Bd6 21. Nf3 Qe7 22. Nd4 Rfe8 23. Nc6 Qf6 24. Nxb4 Qxb2 25. Bd4 Qa3 26. Nd3 Bc5 27. Nxc5 Nxc5 28. Qc3 Ne4 29. Qxc7 Re7 30. Bxg7+ Kg8 31. Qf4 f6 32. Bh6 Qc5+ 33. Kh1 Kf7 34. Qg4 Rg8 35. Qh5+ Rg6 36. fxg6+ hxg6 37. Qxc5 Nxc5 38. Bc1 Re8 39. b4 Ne4 40. Rd7+ Ke6 41. Rd4 Kf7 42. g3 Rh8 43. Rxe4 1-0

[Event "Witney op U170 6th"]
[Site "Witney"]
[Date "2018.11.04"]
[Round "4"]
[White "Cole, Graham"]
[Black "Staniland, Philip"]
[Result "0-1"]
[WhiteElo "1842"]
[BlackElo "1963"]
[PlyCount "76"]
[EventDate "2018.11.03"]
[EventType "swiss"]
[EventRounds "5"]
[EventCountry "ENG"]
[SourceTitle "CBM 187 Extra"]
[Source "ChessBase"]
[SourceDate "2018.11.04"]
[SourceVersion "1"]
[SourceVersionDate "2018.11.04"]
[SourceQuality "1"]

1. e4 c5 2. Nf3 d6 3. d4 cxd4 4. Nxd4 Nf6 5. Nc3 a6 6. Be3 e6 7. f3 Be7 8. Qd2 Qc7 9. g4 Nfd7 10. 0-0-0 Nc6 11. Kb1 0-0 12. h4 Nxd4 13. Bxd4 Ne5 14. Qf2 b5 15. g5 b4 16. Na4 Bb7 17. b3 Nd7 18. Bd3 Bc6 19. Nb2 a5 20. Na4 Ne5 21. f4 Nxd3 22. cxd3 Bxa4 23. bxa4 Qd7 24. Qb2 f6 25. gxf6 Bxf6 26. e5 dxe5 27. fxe5 Be7 28. Bb6 Qd5 29. Qb3 Rf4 30. h5 Rc8 31. Qxd5 exd5 32. Rc1 Rc3 33. Rxc3 bxc3 34. Bxa5 d4 35. Bb6 Ba3 36. a5 Rf2 37. Bxd4 c2+ 38. Ka1 Rd2 0-1

[Event "Witney op U170 6th"]
[Site "Witney"]
[Date "2018.11.04"]
[Round "5"]
[White "Zakarian, Dimitrios Levon"]
[Black "Staniland, Philip"]
[Result "1/2-1/2"]
[WhiteElo "1556"]
[BlackElo "1963"]
[PlyCount "35"]
[EventDate "2018.11.03"]
[EventType "swiss"]
[EventRounds "5"]
[EventCountry "ENG"]
[SourceTitle "CBM 187 Extra"]
[Source "ChessBase"]
[SourceDate "2018.11.04"]
[SourceVersion "1"]
[SourceVersionDate "2018.11.04"]
[SourceQuality "1"]

1. d4 Nf6 2. Nf3 c5 3. d5 e6 4. c4 exd5 5. cxd5 d6 6. Nc3 g6 7. Qa4+ Bd7 8. Qb3 b5 9. Nxb5 Qa5+ 10. Nc3 Na6 11. Bd2 Rb8 12. Ne4 Qd8 13. Nxf6+ Qxf6 14. Qe3+ Qe7 15. Qxe7+ Bxe7 16. Bc3 0-0 17. a3 Nc7 18. e4 1/2-1/2

[Event "GBR-ch Morning op 104th"]
[Site "Llandudno"]
[Date "2017.08.03"]
[Round "4"]
[White "Surtees, Michael"]
[Black "Staniland, Philip"]
[Result "1-0"]
[WhiteElo "2084"]
[BlackElo "1948"]
[PlyCount "85"]
[EventDate "2017.07.31"]
[EventType "swiss"]
[EventRounds "5"]
[EventCountry "WLS"]
[SourceTitle "EXT 2018"]
[Source "ChessBase"]
[SourceDate "2017.10.13"]
[SourceVersion "1"]
[SourceVersionDate "2017.10.13"]
[SourceQuality "1"]

1. e4 c6 2. Ne2 d5 3. e5 c5 4. b4 cxb4 5. d4 Nc6 6. a3 e6 7. axb4 Bxb4+ 8. c3 Be7 9. Nf4 g6 10. Bd3 Bd7 11. 0-0 Na5 12. Re1 Qc7 13. Re2 Nc4 14. Qb3 b5 15. Ra6 b4 16. Bxc4 dxc4 17. Qa2 b3 18. Qa1 Bb5 19. Ra5 Qb7 20. Nd2 Bc6 21. f3 g5 22. Nh5 Rb8 23. Ne4 Ra8 24. Nhg3 h5 25. Bxg5 h4 26. Bxe7 Qxe7 27. Nd6+ Kf8 28. Nge4 Bd5 29. Qa4 Bxe4 30. Nxe4 Kg7 31. Qxc4 Qb7 32. Rb2 Rb8 33. Nd6 Qe7 34. f4 Nh6 35. Qc5 Qd7 36. Rxa7 Qxa7 37. Qxa7 Ra8 38. Qe7 Ra1+ 39. Kf2 Ng4+ 40. Ke2 Nh6 41. Qf6+ Kg8 42. Rxb3 Ra2+ 43. Kf3 1-0

[Event "BCF-ch Week2 AM op"]
[Site "Bournemouth"]
[Date "2016.08.05"]
[Round "5"]
[White "Staniland, Philip"]
[Black "Szymanski, Mark"]
[Result "1/2-1/2"]
[WhiteElo "1915"]
[BlackElo "1911"]
[PlyCount "65"]
[EventDate "2016.08.01"]
[EventType "swiss"]
[EventRounds "5"]
[EventCountry "ENG"]
[SourceTitle "CBM 173 Extra"]
[Source "ChessBase"]
[SourceDate "2016.08.29"]
[SourceVersion "1"]
[SourceVersionDate "2016.08.29"]
[SourceQuality "1"]

1. d4 d5 2. Bf4 Nf6 3. e3 c5 4. c3 Nc6 5. Nf3 Qb6 6. Qb3 Bf5 7. dxc5 Qxb3 8. axb3 Ne4 9. b4 f6 10. h3 e5 11. Bh2 Be7 12. Bb5 Be6 13. Nbd2 Nxd2 14. Nxd2 0-0 15. Bxc6 bxc6 16. 0-0 a5 17. Rxa5 Rxa5 18. bxa5 Bxc5 19. b4 Ba7 20. Rc1 Rb8 21. Rb1 Bf5 22. Rb2 Bd3 23. Nb1 Kf7 24. Na3 Ke6 25. g4 Rb7 26. Rd2 Ba6 27. Nc2 Bc4 28. Bg3 g6 29. f3 Ba6 30. Bf2 c5 31. e4 d4 32. cxd4 cxd4 33. Kg2 1/2-1/2